| 000 | 00376nam a2200169Ia 4500 | ||
|---|---|---|---|
| 100 | _aModule J23 | ||
| 650 | _aCarpentery | ||
| 490 | _vII | ||
| 942 | _cBK | ||
| 654 | _aMaintenance Of Factory Service II | ||
| 245 | _aMaintenance Of Factory Service II | ||
| 260 |
_bE.I.T.B _aEngland _c1983 |
||
| 082 |
_a670.4 _bITB |
||
| 300 | _a319 | ||
| 546 | _aENGLISH | ||
| 999 |
_c32122 _d32122 |
||